000 00625nam a22002057a 4500
003 DO-SdBNP
005 20211015102957.0
007 ta
008 210621b 2018 pr 00| 0 eng d
020 _a9781641310628
040 _aDO-SdBNP
_bspa
_cBNPHU
100 1 _aMéndez del Nido, Luis Benjamín,
_d1991-
_978945
245 1 _aPauliana /
_cLuis Benjamín Méndez del Nido.
260 _aSan Juan, Puerto Rico :
_bLúdika,
_c2018.
300 _a75 p. :
_bil. ;
_c16 cm.
500 _aIncluye datos biográficos del autor en la solapa de la cubierta
590 _aInventariado, 2021 /LP
910 _aLopérez
942 _2ddc
_cLBS1
999 _c49972
_d49972